Łatwe nazwy kolorów - Statystyki

Ogólne statystyki
  • Ten quiz został rozwiązany 1 479 razy
  • Średni wynik to 13 z 17
Statystyki odpowiedzi
Nazwa % Poprawnych
Czarny
98%
Czerwony
98%
Brązowy
96%
Fioletowy
96%
Niebieski
96%
Pomarańczowy
95%
Żółty
94%
Biały
93%
Szary
93%
Zielony
93%
Granatowy
91%
Różowy
85%
Bordowy
71%
Złoty
36%
Purpurowy
35%
Srebrny
29%
Rudy
15%
Nie znaleziono quizów pasujących do podanych kryteriów
Rozkład punktacji
Procent ludzi z każdym wynikiem
Percentyl według liczby udzielonych odpowiedzi
Twoja historia wyników
Nie rozwiązałeś tego quizu